000 00597nam a2200229Ia 4500
003 OSt
005 20220928103614.0
006 a|||||r|||| 00| 0
007 ta
008 220927b |||||||| |||| 00| 0 eng d
024 _a131978
037 _cTextual
040 _aSDCL
_cSDCL
_beng
041 _2eng
_aeng
082 _aR34, M7
100 _aBerofsky Bernard
_9405471
245 0 _aFreedom from necessity.
260 _aNew York
_b Roultledge & Kegan Paul.
_c1987
300 _a227p
_ccm.
942 _hR34, M7
_cTEXL
_2CC
999 _c721112
_d721112